MARC

LEADER 00000nam0a2200000 4500
001 23785
005 20231101205554.0
010 |a 9856614031 
035 |a (RuTPU)RU\TPU\book\24010 
035 |a BOOK00024083 
090 |a 23785 
100 |a 20011209d2000 km y0rusy50 ca 
101 0 |a rus 
102 |a BY 
105 |a y z 000zy 
200 1 |a Евро: новая валюта для старого света  |f Д. Н. Курочкин 
210 |a Минск  |c Европейский гуманитарный университет  |d 2000 
215 |a 270 с. 
517 1 |a Проблемы становления и перспективы развития Европейского экономического и валютного союза 
606 |a Евро  |x Финансы  |2 stltpush  |3 (RuTPU)RU\TPU\subj\27881  |9 51555 
606 |a Деньги  |2 stltpush  |3 (RuTPU)RU\TPU\subj\36098  |9 57594 
610 1 |a финансы 
610 1 |a денежное обращение 
610 1 |a валюты 
686 |a У526  |v LBC/SL-A  |2 rubbk 
686 |a У826.26  |v LBC/SL-A  |2 rubbk 
700 1 |a Курочкин  |b Д. Н.  |g Дмитрий Николаевич 
801 0 |a BY  |b 63413507  |c 20011209  |g PSBO 
801 2 |a RU  |b 63413507  |c 20180626  |g PSBO 
942 |c BK